| 000 | 00645nam a2200181 4500 | ||
|---|---|---|---|
| 001 | 122260 | ||
| 003 | ES-MaACL | ||
| 005 | 20230906191936.0 | ||
| 007 | t| | ||
| 008 | 070214s1973 sp r ||||1| spa d | ||
| 100 | 1 |
_aPrieto Escudero, Germán. _993926 |
|
| 245 | 1 | 0 |
_aIndicadores de tensiones familiares / _cpor Germán Prieto Escudero. |
| 260 |
_aMadrid : _bInstituto de Sociología `Jaime Balmes`, _c1973. |
||
| 300 |
_a9 h. ; _c24 cm. |
||
| 500 | _aEs tirada aparte de: Revista Internacional de Sociología, enero - junio 1972, p. 135 -151. | ||
| 710 | 2 |
_aInstituto Balmes de Sociología. _94799 |
|
| 852 |
_aES-MaACL _j2083-F-38 _bR.87503 |
||
| 999 |
_c122260 _d122260 |
||